| 000 | 00476nam a22001697a 4500 | ||
|---|---|---|---|
| 999 |
_c12542 _d12542 |
||
| 003 | OSt | ||
| 005 | 20240202145103.0 | ||
| 008 | 240202b ||||| |||| 00| 0 eng d | ||
| 020 | _a978-81-967682-4-9 | ||
| 040 | _aBMSCA | ||
| 041 | _aeng | ||
| 100 | _aMamatha P. Raj | ||
| 245 | _aCHITRA - Look through the lens Architectural Photo Book of Batch 2021-26 | ||
| 260 |
_aBengaluru _bThe Director, BMS College of Architecture _c2023 |
||
| 700 | _aVaishali Bhatia | ||
| 942 | _2ddc | ||